Statistics for Canadian Provinces Capitals - One Minute Sprint

Click here to take the quiz!

General Stats

  • This quiz has been taken 26 times
  • The average score is 10 of 13

Answer Stats

ProvinceCapital% Correct
AlbertaEdmonton
86%
QuebecQuebec City
86%
Newfoundland and LabradorSaint John's
86%
OntarioToronto
86%
British ColumbiaVictoria
86%
ManitobaWinnipeg
86%
Northwest TerritoriesYellowknife
86%
Nova ScotiaHalifax
64%
SaskatchewanRegina
64%
Yukon TerritoryWhitehorse
64%
New BrunswickFredericton
57%
Prince Edward IslandCharlottetown
50%
NunavutIqaluit
50%

Score Distribution

Percentile by Number Answered

Percent of People with Each Score

Your Score History

You have not taken this quiz